[Event "Stay Safe Play From Home 292"]
[Site "Emanuel Lasker Arena"]
[Date "2020.07.10"]
[Round "4"]
[White "SoulofWolf"]
[Black "Broken sword"]
[Result "0-1"]
[WhiteElo "2288"]
[BlackElo "2494"]
[Annotator "TA"]
[PlyCount "104"]
[EventDate "2020.07.10"]
[EventType "swiss (blitz)"]

{[%evp 15,103,3,12,-4,4,-12,16,6,0,4,5,3,67,0,18,0,0,-12,15,3,24,0,20,20,25,0,29,6,20,0,16,-7,0,-30,0,-18,0,-122,-126,-582,-584,-724,-720,-685,-697,-714,-712,-1241,-1112,-1070,-1062,-1001,-695,-771,-769,-29990,-29985,-29984,-1215,-2562,-2016,-29991,-29992,-29992,-29988,-29988,-29989,-29991,-29990,-29992,-29992,-29992,-29991,-29991,-29992,-29992,-29993,-29993,-29993,-29993,-29994,-29994,-29995,-29995,-29996,-29996,-29996,-29998,-29999,-29999]} 1. Nf3 d5 2. c4 c6 3. e3 Nf6 4. b3 Bg4 5. Bb2 Nbd7 6. Be2 e6 7. O-O Bd6 8. h3 Bh5 9. d3 {A12: English Opening: 1...c6 with b3 by White.} Qe7 10. Nbd2 Ba3 (10... e5 {looks sharper.} 11. a4 O-O 12. g4 Bg6 13. Nh4 h6) 11. Qc2 {[#] The position is equal.} Bxb2 $146 ({Predecessor:} 11... O-O 12. Rfe1 a5 13. Nf1 Rfc8 14. g4 Bg6 15. Nh4 Bxb2 16. Qxb2 b5 17. Kg2 Ne8 {½-½ (17) Khusenkhojaev,M (2381)-Lavretzkij,R (2313) Peterhof 2009}) 12. Qxb2 a5 13. Rfe1 a4 (13... h6 $11) 14. Nf1 (14. bxa4 $14 Nc5 15. Rab1) 14... a3 15. Qc2 O-O 16. Ng3 Bg6 17. Rad1 Nc5 18. Qc3 Ncd7 19. d4 Rfb8 20. Nh4 b5 (20... Be4 $5) 21. Nxg6 hxg6 22. c5 e5 23. f3 Re8 24. Bf1 Qd8 25. Qd2 Qc7 {White must now prevent ...exd4.} 26. b4 (26. Ne2 $11) 26... exd4 $17 {[%mdl 64] Discovered Attack} 27. exd4 $2 {[%mdl 8192] Loses the game.} (27. f4 $17) 27... Qxg3 $19 28. Bd3 Nh5 29. Qf2 Qf4 30. Bc2 Ng3 31. Rc1 Nf6 32. Rcd1 Nfh5 33. Rb1 Qg5 34. Rbd1 Nf4 35. Rc1 Nfe2+ 36. Kh2 {[#]} Nxc1 (36... Qf4 $142 $1 37. Rxe2 {[%mdl 64] Remove Defender} Nxe2+ 38. g3 Qxc1 39. Bb3 Re3 40. Bxd5 cxd5 41. h4 {[#]} Qg1+ $1 {[%mdl 512]} 42. Qxg1 Nxg1 43. g4 Re2+ {[%mdl 64] Double Attack} 44. Kg3 Rae8 45. h5 g5 46. h6 gxh6 47. c6 R8e3 $1 {[%mdl 512]} 48. c7 Rxf3#) 37. Rxc1 Qxc1 38. Bxg6 fxg6 {Black mates.} 39. Kxg3 Qg5+ 40. Kh2 Qf4+ 41. g3 Qe3 42. Qg2 Qe2 43. h4 Qxg2+ 44. Kxg2 Re2+ {[%mdl 64] Double Attack} 45. Kh3 Rxa2 46. h5 Ra1 47. hxg6 a2 48. Kg4 Re1 49. f4 a1=Q 50. Kg5 Qxd4 51. g4 Qf6+ 52. Kh5 Rh1# {Accuracy: White = 56%, Black = 69%.} 0-1

[Event "Stay Safe Play From Home 292"]
[Site "Emanuel Lasker Arena"]
[Date "2020.07.10"]
[Round "4"]
[White "Little champs"]
[Black "Bardellosport"]
[Result "1-0"]
[WhiteElo "2274"]
[BlackElo "1944"]
[Annotator "TA"]
[PlyCount "117"]
[EventDate "2020.07.10"]
[EventType "swiss (blitz)"]

{[%evp 9,117,24,35,4,12,0,0,0,7,0,6,-10,0,-12,28,26,21,-31,0,-70,-62,-140,-130,-131,-138,-129,-141,-273,-291,-329,-260,-1016,-468,-1195,-1162,-1551,-512,-501,-501,-596,-595,-591,-585,-625,-535,-943,-632,-783,0,-678,212,222,224,210,204,0,227,109,935,152,29974,29975,29999,29978,29978,29979,29980,29979,29979,29980,29982,29983,29983,29984,29984,29985,29985,29986,29986,29987,29990,29991,29993,29991,29991,29992,29992,29992,29992,29992,29993,29994,29995,29996,29996,29995,29995,29996,29996,29997,29998,29996,29996,29996,29997,29997,29997,29998,29998,5717]} 1. d4 d5 2. e3 c6 3. Nf3 e6 4. Be2 f5 5. O-O Nf6 6. h3 {D02: 1 d4 d5 2 Nf3 sidelines, including 2...Nf6 3 g3 and 2...Nf6 3 Bf4.} Bd6 {[#]} 7. a3 $146 ({Predecessor:} 7. b3 Nbd7 8. c4 O-O 9. Nbd2 Ne4 10. a4 Ndf6 11. Bd3 Bd7 12. Ba3 Bxa3 13. Rxa3 {0-1 (25) Weber,H (1861)-Hummel,T (1164) Nittenau 2007}) 7... O-O 8. c4 {The position is equal.} Qe7 9. Nc3 Ne4 10. Qc2 Nd7 11. b4 Qf6 12. Bb2 g5 13. Bd3 (13. Nxe4 $11 dxe4 14. d5) 13... Rf7 14. Rfe1 (14. Be2 $11) 14... Rg7 $15 15. Bxe4 (15. Rac1 $15) 15... fxe4 $17 16. Ne5 Nxe5 17. dxe5 Bxe5 18. cxd5 (18. Na4 $17 {was necessary.}) 18... exd5 $19 19. Rad1 g4 20. hxg4 $2 (20. h4) 20... Rxg4 (20... Qh6 $142 21. g3 Bxg4) 21. Rxd5 (21. Nxe4 $142 Rxe4 22. Bxe5 Qxe5 23. f3) 21... cxd5 22. Nxd5 {[#]} Qg7 (22... Rxg2+ $142 $1 {[%mdl 512]} 23. Kf1 (23. Kxg2 Qf3+) 23... Qh4 $1 {[%mdl 512]} 24. Ne7+ Kf8 25. Nxc8 Qh1+ 26. Ke2 Rxf2+ $1 {[%mdl 512]} 27. Kd1 Qh5+ 28. Re2 Rf1+ 29. Kd2 Bxb2 30. Qc5+ Qxc5 31. bxc5 Rxc8) 23. Bxe5 Qxe5 24. Nc7 Rb8 25. Qc4+ Kg7 26. Rd1 Bf5 27. Rd5 Qf6 28. Nb5 a6 $2 (28... Qa1+ $19 29. Kh2 Rh4+ 30. Kg3 {[#]} Rg8 $1 {[%mdl 512]}) 29. Nd6 $2 {[%mdl 8192]} (29. Nd4 $11 Rxg2+ 30. Kxg2 Qg6+ 31. Kf1 Bh3+ 32. Ke2) 29... Rd8 $4 {[%mdl 8192]} (29... Be6 $19 {and life is good for Black.} 30. Qc7+ Kg6 31. Qxb8 Bxd5) 30. Nxf5+ $18 Kg6 {White must now prevent ...Qg5.} 31. Rxd8 Qxd8 {[%mdl 4096] Endgame KQR-KQN} 32. Nd4 $2 ({White must play} 32. Qe6+ $18 Qf6 33. Ne7+ {[%mdl 64] Discovered Attack} Kg5 34. Qg8+ {[%mdl 64] Double Attack} Kh5 35. Qxh7+ Kg5 36. g3) 32... Qf6 $2 (32... Qd7 $11 {and Black stays safe.}) 33. Qc8 (33. Qg8+ $18 {is the precise move to win.} Qg7 34. Qe6+ Kh5 35. g3) 33... b5 $2 {[%mdl 8192]} (33... h5 $16) 34. Qg8+ $2 (34. Qxg4+ $18 Kf7 35. Qxe4) 34... Kh6 $2 (34... Qg7 $16 35. Qe8+ Qf7) 35. Qxg4 {White mates.} Qd6 36. Qf4+ Qxf4 37. exf4 {KN-KP} Kg6 38. g3 Kf6 39. f3 e3 40. Kf1 Ke7 41. Ke2 Kd6 42. Kxe3 {KN-K3P} Kd5 43. g4 Kc4 44. g5 a5 45. bxa5 Kc3 46. Nxb5+ {KN-KP} Kb3 47. Nd6 Ka4 48. f5 Kxa3 49. g6 h5 50. g7 h4 51. g8=Q h3 52. Qg3 h2 53. Qxh2 Kb3 54. Qd2 Ka4 55. Qd4+ Kb3 56. Qc4+ Ka3 57. Kd3 Kb2 58. Qc3+ Kb1 59. Qc2+ {Never resign too early! Accuracy: White = 29%, Black = 43%.} (59. Nc4 $142 Ka2 60. Qb2#) 1-0

[Event "Stay Safe Play From Home 292"]
[Site "Emanuel Lasker Arena"]
[Date "2020.07.10"]
[Round "4"]
[White "Lazieri3"]
[Black "Lamborghini"]
[Result "0-1"]
[WhiteElo "2093"]
[BlackElo "2225"]
[Annotator "TA"]
[PlyCount "90"]
[EventDate "2020.07.10"]
[EventType "swiss (blitz)"]

{[%evp 9,89,-29,-22,-39,-37,-59,-52,-61,-35,-47,-31,-65,-68,-80,-44,-83,-82,-89,-84,-95,-65,-138,-122,-150,-147,-172,-175,-177,-160,-754,-751,-801,-774,-762,-703,-760,-765,-729,-730,-29987,-5410,-29971,-29972,-29967,-29967,-29975,-29977,-5022,-635,-625,-608,-695,-693,-679,-667,-726,-720,-29962,-710,-937,-930,-908,-861,-954,-920,-4702,-997,-29987,-29988,-29988,-29989,-29990,11212,-29987,-29981,-29981,0,-29998,-29992,-29998,-29999,-29999]} 1. e4 c5 2. Nc3 Nc6 3. d3 d6 4. Nf3 e5 5. Bg5 Be7 6. Bxe7 {B50: Sicilian: 2...d6, Miscellaneous.} Ngxe7 {[#]} 7. g3 $146 ({Predecessor:} 7. Nd5 Nxd5 8. exd5 Nb4 9. c3 Nxd5 10. d4 cxd4 11. cxd4 Qa5+ 12. Qd2 Qxd2+ 13. Kxd2 {0-1 (29) Lepidakis,A (1005)-Pappas,K (2103) Heraklion 2005}) 7... O-O 8. Bg2 {Black is slightly better.} Be6 9. O-O f6 10. h3 Qd7 11. Kh2 b6 12. Ne2 Rad8 13. c3 d5 14. exd5 Nxd5 15. d4 (15. Qc2 $15) 15... cxd4 $17 16. cxd4 e4 17. Nd2 f5 18. Nc4 f4 {And now ...f3 would win.} 19. Nxf4 $2 (19. Bxe4 $17 Bxh3 20. Bxd5+ Qxd5 {[%mdl 64] Double Attack} 21. Nxf4 {[%mdl 64] Remove Defender} Rxf4 22. Ne3) 19... Nxf4 $19 {[%mdl 64] Discovered Attack} 20. gxf4 Bxc4 21. Re1 Bd5 22. Bxe4 Rxf4 23. Bxd5+ Qxd5 24. Qe2 Rdf8 (24... Nxd4 $142 25. Qf1 Nf3+ 26. Kg2 Nxe1+ 27. Kg1 Nf3+ 28. Kh1 Rh4 $1 {[%mdl 512]} 29. Rd1 Qxd1 30. Qxd1 Rxd1+ 31. Kg2 Rxh3 $1 {[%mdl 512]} 32. Kxh3 Rg1 33. b3 g5 34. b4 g4#) 25. Qe6+ Qxe6 26. Rxe6 Nxd4 27. Re7 Rxf2+ {[%mdl 64] Double Attack} 28. Kg1 R2f7 29. Rxf7 Rxf7 {[%mdl 4096] Endgame KRN-KR} 30. Rd1 Rf4 31. Kg2 g5 32. Kg3 h6 33. Rc1 Nf5+ (33... Ne2+ $142 34. Kg2 Nxc1 35. a3 Ne2 36. b4 b5 37. a4 bxa4 38. b5 a3 39. b6 axb6 40. h4 a2 41. Kh3 a1=Q 42. Kh2 Qg1+ 43. Kh3 Rxh4#) 34. Kh2 Rf2+ 35. Kg1 Rxb2 36. Rc7 Nh4 37. Rxa7 h5 38. Rb7 g4 39. hxg4 hxg4 40. Rxb6 g3 $4 {[%mdl 8192]} (40... Rxb6 {and life is good for Black.} 41. Kf2 Nf5 42. Ke2 Rb2+ 43. Kd3 g3 44. Kc3 Rf2 45. Kc4 g2 46. Kc5 g1=Q 47. Kd5 Qd1+ 48. Kc4 Qd4+ 49. Kb5 Rb2+ 50. Kc6 Qd6#) 41. Rf6 $4 {[%mdl 8192]} (41. Rxb2 $18 Nf3+ {[#]} 42. Kg2 $1 {[%mdl 512]}) 41... Rb1+ 42. Rf1 Rb2 $2 (42... Rxf1+ {mates} 43. Kxf1 Kf7 44. a4 Ke7 45. Ke2 Kd6 46. Kf1 g2+ 47. Kf2 Kc5 48. a5 Kb5 49. Kg1 Kxa5 50. Kf2 Kb5 51. Ke3 g1=Q+ 52. Kf4 Qg6 53. Ke5 Qf5+ 54. Kd4 Kb4 55. Ke3 Kc3 56. Ke2 Qf3+ 57. Ke1 Ng2#) 43. Ra1 $2 {[%mdl 8192]} (43. Rf6 $11 Rg2+ 44. Kf1 Rxa2 45. Kg1 Ra1+ 46. Rf1 Rxf1+ 47. Kxf1 Kf7 48. Ke2 g2 49. Kf2 Ke6 50. Kg1 Ke5 51. Kf2 Ke4 52. Ke2 g1=Q 53. Kd2 Qc5 54. Ke1 Ke3 55. Kd1 Kd3 56. Ke1 Qg1#) 43... Kg7 {Black mates.} 44. a4 Nf3+ 45. Kf1 Rf2# {White did not feel at home in the position after the opening. Accuracy: White = 43%, Black = 61%.} 0-1

[Event "Stay Safe Play From Home 292"]
[Site "Emanuel Lasker Arena"]
[Date "2020.07.10"]
[Round "4"]
[White "Haxhi Baha"]
[Black "Chase the sun"]
[Result "1-0"]
[WhiteElo "1988"]
[BlackElo "1840"]
[Annotator "RC"]
[PlyCount "87"]
[EventDate "2020.07.10"]
[EventType "swiss (blitz)"]

{- Lerch, Martin Erik} 1. e4 {[%emt 0:00:01]} e6 {[%emt 0:00:01]} 2. d4 {[%emt 0:00:01]} d5 {[%emt 0:00:01]} 3. exd5 {[%emt 0:00:00]} exd5 {[%emt 0:00:01]} 4. Nf3 {[%emt 0:00:00]} Bg4 {[%emt 0:00:02]} 5. Bd3 {[%emt 0:00:00]} Bd6 {[%emt 0:00:01]} 6. h3 {[%emt 0:00:01]} Bh5 {[%emt 0:00:01]} 7. O-O {[%emt 0:00:01]} Ne7 {[%emt 0:00:01]} 8. Re1 {[%emt 0:00:01]} Nd7 {[%emt 0:00:02]} 9. c3 {[%emt 0:00:02]} c6 {[%emt 0:00:01]} 10. Be3 {[%emt 0:00:02]} f6 {[%emt 0:00:01]} 11. Nbd2 {[%emt 0:00:01]} O-O {[%emt 0:00:01]} 12. Qc2 {[%emt 0:00:01]} Bg6 {[%emt 0:00:03]} 13. Nh4 {[%emt 0:00:01]} Bxd3 {[%emt 0:00:03]} 14. Qxd3 {[%emt 0:00:00]} Re8 {[%emt 0:00:01]} 15. Ndf3 {[%emt 0:00:04]} Nf8 {[%emt 0:00:01]} 16. Nf5 {[%emt 0:00:02]} Nxf5 {[%emt 0:00:01]} 17. Qxf5 {[%emt 0:00:00]} Qd7 {[%emt 0:00:01]} 18. Qd3 {[%emt 0:00:01]} Ng6 {[%emt 0:00:03]} 19. Bd2 {[%emt 0:00:01]} Rxe1+ {[%emt 0:00:04]} 20. Rxe1 {[%emt 0:00:00]} Re8 {[%emt 0:00:01]} 21. Rxe8+ {[%emt 0:00:02]} Qxe8 {[%emt 0:00:00]} 22. Kf1 {[%emt 0:00:00]} Qe4 {[%emt 0:00:03]} 23. Qxe4 {[%emt 0:00:03]} dxe4 {[%emt 0:00:00]} 24. Ne1 {[%emt 0:00:01]} f5 {[%emt 0:00:01]} 25. g3 {[%emt 0:00:01]} Kf7 {[%emt 0:00:01]} 26. Ke2 {[%emt 0:00:01]} Ke6 {[%emt 0:00:01]} 27. h4 {[%emt 0:00:00]} Ne7 {[%emt 0:00:02]} 28. c4 {[%emt 0:00:01]} b6 {[%emt 0:00:02]} 29. b4 {[%emt 0:00:01]} c5 {[%emt 0:00:01]} 30. bxc5 {[%emt 0:00:02]} bxc5 {[%emt 0:00:00]} 31. d5+ {[%emt 0:00:00]} Nxd5 {[%emt 0:00:01]} 32. cxd5+ {[%emt 0:00:01]} Kxd5 {[%emt 0:00:00]} 33. Nc2 {[%emt 0:00:00]} Be5 {[%emt 0:00:02]} 34. Ne3+ {[%emt 0:00:01]} Kd4 {[%emt 0:00:01]} 35. Nxf5+ {[%emt 0:00:01]} Kc4 {[%emt 0:00:00]} 36. Bf4 {[%emt 0:00:03]} Bc3 {[%emt 0:00:02]} 37. Nd6+ {[%emt 0:00:02]} Kb4 {[%emt 0:00:01]} 38. Nxe4 {[%emt 0:00:01]} Bd4 {[%emt 0:00:01]} 39. Be3 {[%emt 0:00:02]} Ka3 {[%emt 0:00:01]} 40. Nxc5 {[%emt 0:00:02]} Bxe3 {[%emt 0:00:02]} 41. Kxe3 {[%emt 0:00:00]} Kxa2 {[%emt 0:00:00]} 42. f4 {[%emt 0:00:00]} Kb2 {[%emt 0:00:00]} 43. f5 {[%emt 0:00:01]} a5 {[%emt 0:00:00]} 44. Kd4 {[%emt 0:00:01] Chase the sun gibt auf (Lag: Av=0.72s, max=1.0s)} 1-0

[Event "Stay Safe Play From Home 292"]
[Site "Emanuel Lasker Arena"]
[Date "2020.07.10"]
[Round "4"]
[White "Grazie"]
[Black "Haris kollari 13"]
[Result "1-0"]
[WhiteElo "1912"]
[BlackElo "1724"]
[Annotator "NA"]
[PlyCount "67"]
[EventDate "2020.07.10"]
[EventType "swiss (blitz)"]

1. d4 {[%emt 0:00:02]} e6 {[%emt 0:00:00]} 2. c3 {[%emt 0:00:00]} d5 {[%emt 0:00:00]} 3. g3 {[%emt 0:00:00]} c5 {[%emt 0:00:01]} 4. Bg2 {[%emt 0:00:00]} f5 {[%emt 0:00:01]} 5. Nf3 {[%emt 0:00:01]} Nf6 {[%emt 0:00:01]} 6. Bg5 {[%emt 0:00:00]} Be7 {[%emt 0:00:01]} 7. Bxf6 {[%emt 0:00:00]} Bxf6 {[%emt 0:00:02]} 8. dxc5 {[%emt 0:00:00]} a5 {[%emt 0:00:01]} 9. Nbd2 {[%emt 0:00:00]} Nc6 {[%emt 0:00:02]} 10. a3 {[%emt 0:00:00]} a4 {[%emt 0:00:03]} 11. O-O {[%emt 0:00:00]} Qe7 {[%emt 0:00:03]} 12. Qc2 {[%emt 0:00:01]} Qxc5 {[%emt 0:00:02]} 13. Rac1 {[%emt 0:00:00]} O-O {[%emt 0:00:01]} 14. c4 {[%emt 0:00:00]} d4 {[%emt 0:00:02]} 15. b4 {[%emt 0:00:05]} axb3 {[%emt 0:00:08]} 16. Nxb3 {[%emt 0:00:01]} Qd6 {[%emt 0:00:02]} 17. Rfd1 {[%emt 0:00:03]} e5 {[%emt 0:00:01]} 18. e3 {[%emt 0:00:01]} Qxa3 {[%emt 0:00:07]} 19. exd4 {[%emt 0:00:02]} e4 {[%emt 0:00:01]} 20. Ne5 {[%emt 0:00:06]} Nxe5 {[%emt 0:00:03]} 21. dxe5 {[%emt 0:00:01]} Bxe5 {[%emt 0:00:01]} 22. f3 {[%emt 0:00:04]} e3 {[%emt 0:00:02]} 23. f4 {[%emt 0:00:01]} Bc7 {[%emt 0:00:02]} 24. Bd5+ {[%emt 0:00:01]} Kh8 {[%emt 0:00:02]} 25. Nd4 {[%emt 0:00:03]} Bb6 {[%emt 0:00:02]} 26. Ne6 {[%emt 0:00:02]} Bxe6 {[%emt 0:00:02]} 27. Bxe6 {[%emt 0:00:01]} Rae8 {[%emt 0:00:02]} 28. Bxf5 {[%emt 0:00:03]} e2+ {[%emt 0:00:01]} 29. Kg2 {[%emt 0:00:01]} exd1=Q {[%emt 0:00:01]} 30. Rxd1 {[%emt 0:00:00]} Rxf5 {[%emt 0:00:04]} 31. Qxf5 {[%emt 0:00:02]} Qb2+ {[%emt 0:00:00]} 32. Kh3 {[%emt 0:00:01]} Qf2 {[%emt 0:00:01]} 33. Rd7 {[%emt 0:00:03]} h6 {[%emt 0:00:01] '} 34. Qf7 {[%emt 0:00:02] (Lag: Av=0.34s, max=0.4s)} 1-0

[Event "Stay Safe Play From Home 292"]
[Site "Emanuel Lasker Arena"]
[Date "2020.07.10"]
[Round "4"]
[White "Edmatuag"]
[Black "UHU4"]
[Result "1-0"]
[WhiteElo "1633"]
[BlackElo "1449"]
[Annotator "NA RC"]
[PlyCount "59"]
[EventDate "2020.07.10"]
[EventType "swiss (blitz)"]

{- Manoc a, Calota} 1. d3 {[%emt 0:00:02]} d5 {[%emt 0:00:01]} 2. Nf3 {[%emt 0:00:00]} e6 {[%emt 0:00:03]} 3. g3 {[%emt 0:00:00]} f5 {[%emt 0:00:01]} 4. Bg2 {[%emt 0:00:01]} Nf6 {[%emt 0:00:01]} 5. O-O {[%emt 0:00:00]} Nc6 {[%emt 0:00:01]} 6. c3 {[%emt 0:00:01]} Be7 {[%emt 0:00:01]} 7. Bf4 {[%emt 0:00:01]} h6 {[%emt 0:00:01]} 8. Nbd2 {[%emt 0:00:02]} g5 {[%emt 0:00:01]} 9. Be5 {[%emt 0:00:01]} Kf7 {[%emt 0:00:04]} 10. c4 {[%emt 0:00:04]} Rg8 {[%emt 0:00:02]} 11. cxd5 {[%emt 0:00:02]} Nxd5 {[%emt 0:00:02]} 12. Bc3 {[%emt 0:00:03]} f4 {[%emt 0:00:01]} 13. Ne5+ {[%emt 0:00:02]} Nxe5 {[%emt 0:00:01]} 14. Bxe5 {[%emt 0:00:00]} fxg3 {[%emt 0:00:02]} 15. hxg3 {[%emt 0:00:01]} Ke8 {[%emt 0:00:01]} 16. Ne4 {[%emt 0:00:02]} Kd7 {[%emt 0:00:10] UHU4 reconnected.} 17. Qa4+ {[%emt 0:00:04]} c6 {[%emt 0:00:02]} 18. b4 {[%emt 0:00:02]} b5 {[%emt 0:00:02]} 19. Qb3 {[%emt 0:00:04]} Qb6 {[%emt 0:00:03]} 20. a3 {[%emt 0:00:03]} a5 {[%emt 0:00:02]} 21. Rfc1 {[%emt 0:00:03]} a4 {[%emt 0:00:02]} 22. Qc2 {[%emt 0:00:02]} Ra7 {[%emt 0:00:01]} 23. Nc5+ {[%emt 0:00:01]} Bxc5 {[%emt 0:00:02]} 24. Qxc5 {[%emt 0:00:00]} Qxc5 {[%emt 0:00:01]} 25. Rxc5 {[%emt 0:00:01]} Rf8 {[%emt 0:00:03]} 26. e4 {[%emt 0:00:01]} Nc7 {[%emt 0:00:07]} 27. Rac1 {[%emt 0:00:01]} Ra6 {[%emt 0:00:02]} 28. d4 {[%emt 0:00:01]} Bb7 {[%emt 0:00:01]} 29. Bxc7 {[%emt 0:00:01]} Kxc7 {[%emt 0:00:01]} 30. d5 {[%emt 0:00:00] ' Tiempo (Lag: Av=0.59s, max=1.0s)} 1-0

[Event "Stay Safe Play From Home 292"]
[Site "Emanuel Lasker Arena"]
[Date "2020.07.10"]
[Round "5"]
[White "Broken sword"]
[Black "MarkonY"]
[Result "1-0"]
[WhiteElo "2502"]
[BlackElo "2318"]
[Annotator "TA"]
[PlyCount "95"]
[EventDate "2020.07.10"]
[EventType "swiss (blitz)"]

{[%evp 20,94,39,70,59,0,0,0,0,7,23,26,16,0,23,0,19,18,15,14,22,22,28,20,19,2,21,5,4,6,4,0,18,15,8,2,64,0,0,0,389,391,372,387,388,360,347,348,478,430,538,492,29983,29984,29988,29989,29992,29993,29996,29997,29997,29987,29997,29987,29997,29998,29998,29988,29996,29991,29992,29990,29997,29998,29998,29999,29999]} 1. e4 c5 2. Nf3 g6 3. d4 cxd4 4. Nxd4 Bg7 5. Nc3 Nc6 6. Be3 Nf6 7. Bc4 O-O 8. Bb3 a5 9. O-O a4 10. Nxa4 Nxe4 11. Nb5 {Threatens to win with Bb6.} d6 {B35: Sicilian: Accelerated Dragon with 5 Nc3: main line.} 12. c4 {[#]} ({White should try} 12. Bb6 $14 Qd7 13. Re1) 12... Nc5 $1 $11 {[%mdl 512]} 13. Nxc5 dxc5 {The position is equal.} 14. Bxc5 {[#]} Qxd1 $146 ({Predecessor:} 14... Bxb2 15. Rb1 Qxd1 16. Rbxd1 Be5 17. Rfe1 Re8 18. Bb6 Be6 19. Bc7 Bf6 20. Rxe6 fxe6 {0-1 (63) Kriebel,T (2369)-Tari,A (2268) Caleta 2013}) 15. Raxd1 Bxb2 16. Rd2 Bf6 17. Rfd1 Bg4 18. f3 Bf5 19. Nc7 Rac8 20. Nd5 Rfe8 21. Nxf6+ exf6 22. Ba3 Ne5 23. Rd4 Be6 {[%cal Re5c4]} 24. c5 Nc6 25. R4d2 Na5 26. Bxe6 Rxe6 27. Rd7 Rec6 (27... Re2 $11) 28. Re7 (28. Bb4 $14 Ra6 29. a3) 28... Nc4 29. Bb4 Ne5 $2 {[%mdl 8192] [#] White now steadily converts the win.} (29... b6 $11) 30. f4 $18 Ng4 {intending ...b6.} 31. h3 Nh6 32. Rxb7 Nf5 33. Rdd7 Nh6 34. a3 Re6 35. g4 f5 (35... Kg7 $18 36. g5 fxg5 37. fxg5 Nf5 38. Rxf7+ Kg8 39. Rxh7 Rd8) 36. g5 {White mates.} Re2 37. gxh6 Rce8 38. Rxf7 Rc2 39. Rg7+ Kh8 40. Rbe7 {[%cal Re7e8]} Rd8 41. Rd7 {[%cal Rd7d8]} Re8 42. Rxh7+ Kg8 43. Rhe7 {[%cal Re7e8]} Rb8 44. Rd2 Rc4 45. Rde2 Rxf4 46. h7+ Kh8 47. Bc3+ Rd4 48. Bxd4# {Accuracy: White = 86%, Black = 68%.} 1-0

[Event "Stay Safe Play From Home 292"]
[Site "Emanuel Lasker Arena"]
[Date "2020.07.10"]
[Round "5"]
[White "AChessPlayer"]
[Black "SoulofWolf"]
[Result "1-0"]
[WhiteElo "2379"]
[BlackElo "2280"]
[Annotator "TA"]
[PlyCount "63"]
[EventDate "2020.07.10"]
[EventType "swiss (blitz)"]

{[%evp 9,63,-9,25,25,21,9,21,27,33,39,31,22,68,29,53,45,42,52,53,72,129,125,127,87,157,161,268,261,263,255,267,191,226,158,248,112,306,83,488,498,593,433,570,557,855,567,686,548,2300,577,569,551,534,420,1122,1115]} 1. e3 c5 2. Nf3 e6 3. d4 Nf6 4. dxc5 Be7 5. c4 Bxc5 6. Nc3 {A46: 1 d4 Nf6 2 Nf3 e6: Torre, London and Colle Systems.} O-O 7. Be2 a6 8. O-O {[#] The position is equal.} b6 $146 ({Predecessor:} 8... Qc7 9. e4 Nc6 10. Bg5 b6 11. Bxf6 gxf6 12. Qd2 Kh8 13. Qh6 Be7 14. Rad1 Rg8 {0-1 (29) Klempt,G (2070)-Angerer,M Baden 2001}) 9. b3 Bb7 10. Bb2 d6 11. Rc1 Nc6 12. a3 {And now b4 would win.} a5 13. Na4 Ne7 14. Nd4 Qc7 {[#]} (14... Ng6 $142) 15. Nb5 $1 $16 {[%cal Rb5c7]} Qb8 16. Bf3 Bxf3 ({Black should try} 16... Ne4) 17. Qxf3 ({Resist} 17. gxf3 $6 Rd8 $14) 17... Rd8 (17... Ne8 $142 18. Rfd1 f5) 18. Bxf6 $18 gxf6 19. Qxf6 Ng6 20. h4 {Black must now prevent h5.} d5 21. cxd5 Be7 (21... Rxd5 $16 {was necessary.} 22. Nxc5 bxc5) 22. Qf3 (22. Qc3 $18 {is more deadly.}) 22... Nxh4 $2 (22... Rxd5 $16 23. Qe2 Nxh4) 23. Qh3 $2 (23. Qg4+ $18 {and the rest is easy.} Kh8 24. d6 (24. dxe6 Qe5 $11)) 23... Ng6 $2 {[%mdl 8192]} (23... Rxd5 $16 24. Nd4 Qb7) 24. dxe6 f6 25. Rfd1 Qe5 26. Nd4 b5 27. Nc6 Rxd1+ 28. Rxd1 Qg5 29. Nxe7+ (29. f4 $142 Nxf4 30. Nxe7+ Kh8 31. exf4) 29... Nxe7 30. Nb6 Re8 31. Nd7 Nf5 {[#]} (31... Kh8 $142 32. Qf3 Ng8) 32. Rd5 $1 {[%mdl 64] Double Attack. Accuracy: White = 47%, Black = 30%.} 1-0

[Event "Stay Safe Play From Home 292"]
[Site "Emanuel Lasker Arena"]
[Date "2020.07.10"]
[Round "5"]
[White "Little champs"]
[Black "Lazieri3"]
[Result "1-0"]
[WhiteElo "2279"]
[BlackElo "2083"]
[Annotator "TA"]
[PlyCount "41"]
[EventDate "2020.07.10"]
[EventType "swiss (blitz)"]

{[%evp 9,41,-13,54,54,57,45,113,89,69,39,35,34,59,-31,19,0,7,0,155,155,160,160,170,175,207,176,156,18,13,-200,1880,1837,1848,1679]} 1. d4 c6 2. e3 d5 3. Nf3 Nf6 4. c4 Bf5 5. cxd5 Bxb1 (5... cxd5 $11 6. Nc3 Nc6) 6. Rxb1 $14 {D12: Slav Defence: 3 Nf3 Nf6 4 e3 Bf5.} cxd5 7. Bb5+ Nc6 {[#]} ({Black should play} 7... Nbd7 $14 8. Qb3 a6) 8. O-O $146 {White is better.} ({Predecessor:} 8. Qa4 Qb6 9. Ne5 a6 10. Bxc6+ bxc6 11. Qxc6+ Qxc6 12. Nxc6 e6 13. Bd2 Bd6 14. Bb4 {1-0 (40) Faizrakhmanov,R (1967)-Sadykov,R (2234) Kazan 2012}) 8... Qb6 9. Bd3 e6 10. b4 Bd6 11. a4 (11. b5 $14 Ne7 12. Bd2) 11... O-O 12. a5 $36 {[%cal Ba4a5,Ba5a6][%mdl 2080] White has some pressure.} Qc7 13. Qa4 Nxb4 $2 {[#]} ({Better is} 13... a6 $11) 14. Rxb4 $16 Bxb4 15. Qxb4 b6 16. a6 Rac8 17. Bb2 Ne4 18. Bxe4 (18. Ba3 $16) 18... dxe4 $11 19. Ne5 $2 {[#]} (19. Nd2 $11 {and White has nothing to worry.}) 19... Qc4 $4 {[%mdl 8192]} (19... f6 $19 20. Ng4 h5 21. Nxf6+ gxf6) 20. Nxc4 $18 h6 21. g3 {Accuracy: White = 42%, Black = 49%.} 1-0